Kenya burning : (Record no. 13644)

MARC details
000 -LEADER
fixed length control field 00685nam a22002172 4500
001 - CONTROL NUMBER
control field 0000018485
005 - DATE AND TIME OF LATEST TRANSACTION
control field 20151217155857.0
008 - FIXED-LENGTH DATA ELEMENTS--GENERAL INFORMATION
fixed length control field 091127s xx 000 0 eng d
020 ## - INTERNATIONAL STANDARD BOOK NUMBER
International Standard Book Number 9966718214 :
040 ## - CATALOGING SOURCE
Original cataloging agency KABU
Transcribing agency KABU
245 10 - TITLE STATEMENT
Title Kenya burning :
Remainder of title mgogoro baada ya uchaguzi 2007/8 /
Statement of responsibility, etc. Kwani Trust.
250 ## - EDITION STATEMENT
Edition statement 1st ed.
260 ## - PUBLICATION, DISTRIBUTION, ETC. (IMPRINT)
Place of publication, distribution, etc. Nairobi :
Name of publisher, distributor, etc. Godown Centre,
Date of publication, distribution, etc. 2009.
300 ## - PHYSICAL DESCRIPTION
Extent 155 p.
650 #0 - SUBJECT ADDED ENTRY--TOPICAL TERM
Topical term or geographic name as entry element Election
Chronological subdivision 2007
Geographic subdivision Kenya.
-- 0000177747
700 1# - ADDED ENTRY--PERSONAL NAME
Personal name Kwani Trust.
-- 0000177748
852 1# - LOCATION
-- p500 KES
852 1# - LOCATION
-- p500 KES
908 ## - PUT COMMAND PARAMETER (RLIN)
Put command parameter 091127
950 ## - LOCAL HOLDINGS (RLIN)
-- 1
Holdings
Withdrawn status Lost status Source of classification or shelving scheme Not for loan Home library Current library Date acquired Total Checkouts Full call number Barcode Date last seen Price effective from Koha item type
    Library of Congress Classification   Kabarak, Main Campus Kabarak, Main Campus 17/12/2015   JQ2947 .A95K46 2009 c. 1 18291 17/12/2015 17/12/2015 Africana Collection
    Library of Congress Classification   Kabarak, Main Campus Kabarak, Main Campus 17/12/2015   JQ2947 .A95K46 2009 c. 2 18292 17/12/2015 17/12/2015 Africana Collection
Designed with assistance from East African Informatics Ltd